000 00604nam a2200229Ia 4500
003 OSt
005 20221007063137.0
006 a|||||r|||| 00| 0
007 ta
008 221006b |||||||| |||| 00| 0 eng d
024 _a21,840
037 _cTextual
040 _aFLL
_cFLL
_beng
041 _2eng
_aeng
082 _aX:96:Z2, L2
100 _aDhyani S.N. Au.
_9683828
245 0 _aTrade unions and right to strike
260 _aBombay
_bN.M.Tripathi India
_c1972
300 _a418p
_ccm.
942 _hX:96:Z2, L2
_cTEXL
_2CC
999 _c1130493
_d1130493